书目信息 |
| 题名: |
Protel DXP基础教程
|
|
| 作者: | 韩亚萍 编著 | |
| 分册: | ||
| 出版信息: | 北京 清华大学出版社 2005.5 |
|
| 页数: | 228页 | |
| 开本: | 23cm | |
| 丛书名: | 黑魔方 | |
| 单 册: | ||
| 中图分类: | TN410.2-43 | |
| 科图分类: | ||
| 主题词: | 印刷电路--yin shua dian lu--计算机辅助设计--教材 , 计算机辅助设计--ji suan ji fu zhu she ji | |
| 电子资源: | ||
| ISBN: | 7-302-10640-1 | |
| 000 | 01270nam0 2200349 450 | |
| 000 | 01289nam0 2200349 450 | |
| 000 | 01252nam0 2200337 450 | |
| 000 | 01209nam0 2200325 450 | |
| 000 | 01198nam0 2200325 450 | |
| 000 | 01161nam0 2200313 45 | |
| 001 | 012005000000 | |
| 005 | 20051207093659.70 | |
| 010 | @a7-302-10640-1@dCNY26.00(含光盘) | |
| 010 | @a7-89494-688-5@b光盘 | |
| 100 | @a20051103d2005 em y0chiy0121 ea | |
| 101 | 0 | @achi |
| 102 | @aCN@b110000 | |
| 105 | @af z 000yy | |
| 200 | 1 | @aProtel DXP基础教程@AProtel DXP ji chu jiao cheng@f韩亚萍编著 |
| 210 | @a北京@c清华大学出版社@d2005.5 | |
| 215 | @a228页@c图@d23cm@e光盘1片 | |
| 225 | 2 | @a黑魔方@Ahei mo fang@i基础教程系列 |
| 330 | @a本书介绍了应用电子电路方面计算机辅助设计的Protel软件所必须掌握的功能及基础知识,全书共分为11章,涵盖了Protel DXP中的原理图设计和PCB电路板设计等主体内容。 | |
| 333 | @a阅读对象:Protel的初学者、进行电子电路设计的工程人员等 | |
| 462 | 0 | @12001 @a黑魔方@i基础教程系列 |
| 606 | 0 | @a印刷电路@Ayin shua dian lu@x计算机辅助设计@j教材 |
| 606 | 0 | @a计算机辅助设计@Aji suan ji fu zhu she ji |
| 610 | 0 | @aProtel |
| 690 | @aTN410.2-43@v4 | |
| 701 | 0 | @a韩亚萍@Ahan ya ping@4编著 |
| 801 | 0 | @aCN@bSRXX@c20051207 |
| 905 | @a10447@dTN410.2-43@eH100 | |
| Protel DXP基础教程/韩亚萍编著.-北京:清华大学出版社,2005.5 |
| 228页:图;23cm+光盘1片.-(黑魔方.基础教程系列) |
| 使用对象:阅读对象:Protel的初学者、进行电子电路设计的工程人员等 |
| ISBN 7-302-10640-1:CNY26.00(含光盘) |
| 本书介绍了应用电子电路方面计算机辅助设计的Protel软件所必须掌握的功能及基础知识,全书共分为11章,涵盖了Protel DXP中的原理图设计和PCB电路板设计等主体内容。 |
| ● |
| 相关链接 |
|
|
|
正题名:Protel DXP基础教程
索取号:TN410.2-43/H100
 
预约/预借
| 序号 | 登录号 | 条形码 | 馆藏地/架位号 | 状态 | 备注 |
| 1 | 546189 | 205461891 | 自科二线404/404自科库 18排1列6层/ [索取号:TN410.2-43/H100] | 在馆 | |
| 2 | 546190 | 205461908 | 自科库301/301自科库 27排4列1层/ [索取号:TN410.2-43/H100] | 在馆 | |
| 3 | 546191 | 205461917 | 自科库301/301自科库 27排4列1层/ [索取号:TN410.2-43/H100] | 在馆 |